Guess the Country for Each Team #2 - Statistics

General Stats
  • This quiz has been taken 4 times
  • The average score is 6 of 15
Answer Stats
Team Country % Correct
FC Dinamo Tbilisi Georgia
100%
Mamelodi Sundowns F.C. South Africa
100%
FC BATE Borisov Belarus
67%
FC Karpaty Lviv Ukraine
67%
CF Montréal USA
67%
Municipal Pérez Zeledón Costa Rica
33%
Ba FA Fiji
33%
AC Oulu Finland
33%
Spanish Town Police FC Jamaica
33%
ASC Jaraaf Senegal
33%
AS Police Gabon
0%
Pokhara Thunders Nepal
0%
Saroykamar Panj Tajkistan
0%
ES Zarzis Tunisia
0%
Boston River Uruguay
0%
No matching quizzes found
Score Distribution
Percent of People with Each Score
Percentile by Number Answered
Your Score History
You have not taken this quiz